000 00591nam a22002177a 4500
003 3228
005 20250715104901.0
008 250715b sa ||||| |||| 00| 1 AFR d
020 _a0798111666
_qhbk
040 _aRDA
_c3228
041 _2A
082 _aAF MORG
100 _aMorgan, Annelize
_94211
245 _aSkat van onheil /
_cAnnelize Morgan
260 _aKaapstad :
_bHuman & Rousseau,
_c1982
300 _a118 pages
_bJacket
_c21 cm.
655 0 _9189056
_aAfrikaans Fiction
655 0 _9188659
_aAdventure Stories
655 0 _9188835
_aHistorical Romance
942 _2ddc
_cBK
_w296
_xPhillipina Naude
_y296
_zPhillipina Naude
999 _c779960
_d779959